000 00450 a2200169 4500
001 066687
003 OSt
005 20211006110220.0
008
082 _a004.68
_bF22Z
100 1 _aFarahani, Sahin
245 1 _aZigbee wireless networks and transceivers
_cby Sahin Farahani
260 _aNew Delhi
_bElsevier
_c2008
300 _a339p.
690 _aWireless LANs--Standards; Wireless LANs
942 _2ddc
_cBK
999 _c702
_d702